Entry Personal Name
001 - CONTROL NUMBER
- control field: 2721
003 - CONTROL NUMBER IDENTIFIER
- control field: AM-YEHGA
005 - DATE AND TIME OF LATEST TRANSACTION
- control field: 20250617070438.0
008 - FIXED-LENGTH DATA ELEMENTS
- fixed length control field: 060310 a|ac|n|aab||||||||||||a |n|||||||
040 ## - CATALOGING SOURCE
- Original cataloging agency: AM-YEHGA
100 1# - HEADING--PERSONAL NAME
- Personal name: Սահակյան, Յուրի Հակոբի,
- Dates associated with a name: 1937-2019
400 1# - SEE FROM TRACING--PERSONAL NAME
- Personal name: Սահակյան, Յուրի,
- Dates associated with a name: 1937-2019
400 1# - SEE FROM TRACING--PERSONAL NAME
- Personal name: Սահակյան, Յու.Հ.
- Fuller form of name: (Յուրի Հակոբի),
- Dates associated with a name: 1937-2019
400 1# - SEE FROM TRACING--PERSONAL NAME
- Personal name: Սահակյան, Յու.
- Fuller form of name: (Յուրի),
- Dates associated with a name: 1937-2019
400 1# - SEE FROM TRACING--PERSONAL NAME
- Personal name: Саакян, Юрий Акопович,
- Dates associated with a name: 1937-2019
400 1# - SEE FROM TRACING--PERSONAL NAME
- Personal name: Sahakyan, Yuri Hakopi,
- Dates associated with a name: 1937-2019
670 ## - SOURCE DATA FOUND
- Uniform Resource Identifier: https://hy.wikipedia.org/wiki/Յուրի Սահակյան
670 ## - SOURCE DATA FOUND
- Source citation: Հայկական համառոտ հանրագիտարան, 2003 :
- Information found: Հ. 4 (Սահակյան Յուրի Հակոբի [ծ. 22.7.1937, գ. Չայլու (ԼՂՀ Մարտակերտի շրջ.)], բանաստեղծ, մանկագիր, թարգմանիչ): ՍՍՀՄ գրողների միության անդամ (1958): ՀԼԿԵՄ մրց. (1968), Ավ. Իսահակյանի անվ. մրց. (1984): ՀՀ «Ոսկե եղեգն» գրական պետ. մրցանակ (2000):
670 ## - SOURCE DATA FOUND
- Source citation: Տուժած ճանճն ու բուժակ բուն : Բանաստեղծություններ, 2000 :
- Information found: տիտղթ. (Յուրի Հակոբի Սահակյան)
670 ## - SOURCE DATA FOUND
- Source citation: Մաքրիլվա : Մանկ. բանաստեղծ., 2002 :
- Information found: տիտղթ. (թարգմ.՚ Յու. Սահակյան)
670 ## - SOURCE DATA FOUND
- Source citation: Հեքիաթի խնձորը : Բանաստեղծություններ, 1985 :
- Information found: տիտղթ. (խմբ.՝ Յու.Հ. Սահակյան)
670 ## - SOURCE DATA FOUND
- Source citation: Ձյունե թագուհին, 2003 :
- Information found: տիտղթ. (թարգմ.՝ Յու. Սահակյան)
670 ## - SOURCE DATA FOUND
- Source citation: Цыпленок в кувшине : Стихи : Пер. с арм., 1985 :
- Information found: т.л. (Юрий Акопович Саакян)
ՀՀ Գիտությունների ազգային ակադեմիայի հիմնարար գիտական գրադարան = Fundamental Scientific Library of NAS RA
All site content, except where otherwise noted, is licensed under a